Normal view
MARC view
- Nelson, Vaughn
Entry Personal Name
001 - CONTROL NUMBER
- control field: 208
003 - CONTROL NUMBER IDENTIFIER
- control field: OSt
005 - DATE AND TIME OF LATEST TRANSACTION
- control field: 20150106144853.0
008 - FIXED-LENGTH DATA ELEMENTS
- fixed length control field: 150106|| aca||aabn | a|a d
040 ## - CATALOGING SOURCE
- Original cataloging agency: OSt
- Transcribing agency: OSt
100 ## - HEADING--PERSONAL NAME
- Personal name: Nelson, Vaughn
670 ## - SOURCE DATA FOUND
- Source citation: Work cat.: (OSt): Nelson, Vaughn, Introduction to Renewable Entry, 2011
